| 000 | 00711nam a22002177a 4500 | ||
|---|---|---|---|
| 999 |
_c10129 _d10129 |
||
| 003 | AR-CdUCM | ||
| 008 | 190329b ||||| |||| 00| 0 spa d | ||
| 040 |
_aMUNICIPALIDAD PROVINCIAL DEL CUSCO _cBIBLIOTECA MUNICIPAL DEL CUSCO |
||
| 082 |
_a848.9 / _bB16N / 1935 |
||
| 100 |
_aBailly, Auguste _926801 |
||
| 245 |
_aNerón : _bla agonía de un mundo / |
||
| 260 |
_aSantiago de Chile : _bErcilla, _c1935. |
||
| 300 |
_a166 páginas ; _c21.5 cm. |
||
| 505 | _aContenido: La agonía de un mundo ... | ||
| 650 |
_aNovelas históricas romanas _910784 |
||
| 650 |
_aNovelas francesas _9571 |
||
| 650 |
_aSiglo XX. _98 |
||
| 700 |
_aSan Martín, Gonzalo (traductor) _926802 |
||
| 942 |
_2ddc _cLIBROS |
||
| 945 | _aacv | ||